000 00370pab a2200157 454500
008 180718b1995 xxu||||| |||| 00| 0 eng d
100 _aDawla, Basilar Ahmad
245 _aInternational migration
260 _c1995
300 _ap.29-31
362 _aAug
650 _aMigration
650 _aEmigration and immigration
773 _aThird Concept
909 _a29172
999 _c29172
_d29172